[Event "Tournoi Skype 019B"]
[Site "Skype"]
[Date "????.??.??"]
[Round "6.17"]
[White "De Nobrega, George"]
[Black "Ruiz Gomez, Luz Alba"]
[Result "1-0"]
[WhiteElo "1494"]
[BlackElo "1307"]
[PlyCount "87"]

1. e4 e5 2. Nf3 Nc6 3. Bb5 Nf6 4. Nc3 a6 5. Bxc6 dxc6 6. Nxe5 Qd4 7. Nf3 Qd8 8.
d4 Bb4 9. Bd2 O-O 10. O-O Bg4 11. h3 Bh5 12. e5 Nd7 13. Qe2 Re8 14. Qe3 h6 15.
Ne4 Bxd2 16. Nexd2 Bg6 17. c3 c5 18. Ne4 Bxe4 19. Qxe4 c6 20. Rad1 Nf6 21. Qd3
Nd7 22. Rfe1 b5 23. dxc5 Nxc5 24. Qxd8 Raxd8 25. Rxd8 Rxd8 26. Nd4 Rc8 27. Re3
Nd7 28. e6 fxe6 29. Rxe6 c5 30. Nf5 Kf8 31. Rxa6 Rb8 32. Ra7 Rd8 33. Rb7 b4 34.
cxb4 cxb4 35. Rxb4 Ne5 36. Rb7 Nf7 37. a4 Ra8 38. b3 Rd8 39. a5 Nd6 40. Nxd6
Rxd6 41. Rb6 Rd7 42. a6 Ke8 43. Rb8+ Ke7 44. Rb7 1-0

[Event "Tournoi Skype 019B"]
[Site "Skype"]
[Date "????.??.??"]
[Round "6.18"]
[White "Lecluyse, Koenraad"]
[Black "Lequeux, Pierre"]
[Result "0-1"]
[WhiteElo "1300"]
[BlackElo "1181"]
[PlyCount "76"]

1. d4 d5 2. Nf3 h6 3. Bf4 e6 4. e3 Bd7 5. Bd3 Nf6 6. c3 Bc6 7. O-O Bd6 8. Bg3
O-O 9. b4 Qe8 10. b5 Bxb5 11. Bxb5 Qxb5 12. Na3 Qd7 13. Rb1 Bxa3 14. Rxb7 Bd6
15. Ne5 Qc8 16. Rb1 Bxe5 17. Bxe5 Ne4 18. Qg4 Ng5 19. f4 f6 20. fxg5 fxe5 21.
gxh6 Rxf1+ 22. Rxf1 Qd7 23. hxg7 Qxg7 24. Qxe6+ Kh8 25. Qxd5 c6 26. Qd8+ Kh7
27. Qh4+ Kg8 28. dxe5 Na6 29. Qc4+ Kh8 30. Qxa6 Qxe5 31. h3 Qxe3+ 32. Rf2 Qe1+
33. Kh2 Qxf2 34. Qxc6 Kg8 35. Kh1 Qxa2 36. Qf3 a5 37. Kg1 a4 38. Kf1 Rf8 0-1

[Event "Tournoi Skype 019B"]
[Site "Skype"]
[Date "????.??.??"]
[Round "6.19"]
[White "Maccaferri, Massimo"]
[Black "Vervoort, Jean-Louis"]
[Result "1-0"]
[WhiteElo "1252"]
[BlackElo "1155"]
[PlyCount "29"]

1. e4 e5 2. Bc4 Bc5 3. Nc3 Nf6 4. Nd5 Ng4 5. Qxg4 O-O 6. d4 d6 7. Qg3 exd4 8.
Bh6 g6 9. Bxf8 Qxf8 10. Nf6+ Kg7 11. e5 Bb4+ 12. c3 dxc3 13. O-O-O dxe5 14.
Qxe5 Nc6 15. Nd7+ 1-0

[Event "Tournoi Skype 019B"]
[Site "Skype"]
[Date "????.??.??"]
[Round "6.20"]
[White "Bouffard, Georges"]
[Black "Tekes, Gamze"]
[Result "1-0"]
[WhiteElo "1234"]
[BlackElo "1000"]
[PlyCount "93"]

1. d4 c6 2. e3 Nf6 3. Bd3 e6 4. c3 Be7 5. f4 O-O 6. Nf3 d5 7. Nbd2 Nh5 8. Nf1
g6 9. Qe2 b6 10. e4 dxe4 11. Bxe4 Nxf4 12. Bxf4 Nd7 13. Bxc6 Rb8 14. Ne5 Nf6
15. Ng3 b5 16. Bf3 Qa5 17. Nc6 Qb6 18. Nxe7+ Kg7 19. Bxb8 Qxb8 20. Nxc8 Qxc8
21. Qxb5 h5 22. Qg5 Nh7 23. Qe5+ Kg8 24. Be4 f5 25. O-O h4 26. Nh5 gxh5 27. d5
Re8 28. d6 Ng5 29. Bd3 h3 30. Qg3 Kh8 31. Qxg5 h4 32. Qxh4+ Kg8 33. Qg3+ Kf8
34. Qxh3 Qd8 35. Qh8+ Kf7 36. Qe5 Qb6+ 37. Rf2 a5 38. Bb5 Rg8 39. g3 Kg6 40.
Qxe6+ Kh7 41. Qxf5+ Kh6 42. Qh3+ Kg5 43. Re1 Qxb5 44. c4 Qxc4 45. Rf5+ Kg6 46.
Qh5+ Kg7 47. Re7+ 1-0

[Event "Tournoi Skype 019B"]
[Site "Skype"]
[Date "????.??.??"]
[Round "6.21"]
[White "Douichi, Mohammed"]
[Black "Martin, Elise"]
[Result "1-0"]
[WhiteElo "1209"]
[BlackElo "1070"]
[PlyCount "41"]

1. e4 e5 2. Nf3 Nc6 3. Nc3 d6 4. Bc4 Nf6 5. Ng5 Be7 6. Nxf7 Qd7 7. Nxh8 Na5 8.
Bf7+ Kd8 9. Bd5 Nxd5 10. Nxd5 Bg5 11. Qh5 Bf4 12. Nf7+ Ke8 13. Nxe5+ Kd8 14.
Nxd7 Bxd7 15. Qxh7 c5 16. Qxg7 Rc8 17. Qf6+ Ke8 18. Qxf4 Nc6 19. Qxd6 Nd4 20.
Nf6+ Kd8 21. Qxd7# 1-0

[Event "Tournoi Skype 019B"]
[Site "Skype"]
[Date "????.??.??"]
[Round "6.22"]
[White "Baker, Abi"]
[Black "Homme, Jim"]
[Result "0-1"]
[WhiteElo "1165"]
[BlackElo "1193"]
[PlyCount "72"]

1. c4 c5 2. Nc3 Nc6 3. g3 g6 4. Bg2 Bg7 5. e3 Nf6 6. Nge2 O-O 7. O-O e5 8. d4
cxd4 9. exd4 exd4 10. Nxd4 d6 11. Nd5 Nxd4 12. Qxd4 Ng4 13. Qf4 Re8 14. Ne3 Bh6
15. Qd4 Bg7 16. Qd5 Nxe3 17. Bxe3 Be6 18. Qxb7 Qe7 19. Qc6 Rac8 20. Qa6 Bxc4
21. Rac1 Bxa6 22. Rxc8 Rxc8 23. Rc1 Bxb2 24. Rc6 Rxc6 25. Bxc6 Bc4 26. a4 Qe6
27. Bxa7 Qe1+ 28. Kg2 Qa5 29. Bb8 d5 30. Bd6 Qe1 31. h4 Qe4+ 32. f3 Qe2+ 33.
Kh3 d4 34. g4 Qf1+ 35. Kg3 Qg1+ 36. Kh3 Bf1# 0-1

[Event "Tournoi Skype 019B"]
[Site "Skype"]
[Date "????.??.??"]
[Round "6.23"]
[White "Delmonte, Davide"]
[Black "Scata, Laura"]
[Result "1-0"]
[WhiteElo "1159"]
[BlackElo "1000"]
[PlyCount "25"]

1. e4 e5 2. Nf3 Nc6 3. Bc4 Bc5 4. c3 Nf6 5. b4 Be7 6. d4 exd4 7. O-O dxc3 8.
Nxc3 Bxb4 9. Nd5 Nxd5 10. Bxd5 b6 11. Ng5 O-O 12. Qh5 Qf6 13. Qxh7# 1-0

[Event "Tournoi Skype 019B"]
[Site "Skype"]
[Date "????.??.??"]
[Round "6.24"]
[White "Bacha, Mehdi"]
[Black "Codina, Teresa"]
[Result "0-1"]
[WhiteElo "1066"]
[BlackElo "1321"]
[PlyCount "70"]

1. d4 Nf6 2. e3 d5 3. f4 e6 4. Bd2 c5 5. c3 cxd4 6. cxd4 Nc6 7. Nf3 Be7 8. Bd3
O-O 9. O-O Bd7 10. Ne5 Rc8 11. Nc3 a6 12. Qe2 Qb6 13. b3 Rfd8 14. Rae1 Be8 15.
Na4 Qa7 16. Nc5 Bxc5 17. dxc5 Qxc5 18. Rc1 Qa7 19. Nxc6 Bxc6 20. f5 e5 21. Ba5
Rd7 22. Bd2 e4 23. Bc2 Bb5 24. Qd1 Bxf1 25. Qxf1 Rdc7 26. Ba5 Rxc2 27. Rxc2
Rxc2 28. Bd2 Rxd2 29. Qe1 Rxa2 30. h3 Qb6 31. Kh2 Qxb3 32. Qc1 Rc2 33. Qf1 Qxe3
34. Qb1 Qf4+ 35. Kg1 Qf2+ 0-1

[Event "Tournoi Skype 019B"]
[Site "Skype"]
[Date "????.??.??"]
[Round "6.26"]
[White "Farthouat, Catherine"]
[Black "Kumar Keshri, Siddharth"]
[Result "1-0"]
[WhiteElo "1122"]
[BlackElo "1000"]
[PlyCount "51"]

1. e4 e5 2. Nf3 Nc6 3. Bb5 d6 4. Bxc6+ bxc6 5. O-O Nf6 6. Nc3 Be7 7. d3 h6 8.
h3 c5 9. Bd2 a5 10. b3 Bb7 11. Re1 c6 12. Rb1 Qc7 13. a3 d5 14. Na4 d4 15. c3
Rd8 16. b4 axb4 17. axb4 cxb4 18. cxb4 O-O 19. Qc2 Ba8 20. b5 Nd7 21. b6 Qb7
22. Qb2 Rb8 23. Ba5 Bd8 24. Red1 Re8 25. Qc2 Re6 26. Nc5 1-0

[Event "Tournoi Skype 019B"]
[Site "Skype"]
[Date "????.??.??"]
[Round "6.27"]
[White "Marty, Yvette"]
[Black "Yilmazer, Seher"]
[Result "0-1"]
[WhiteElo "1000"]
[BlackElo "1000"]
[PlyCount "40"]

1. e4 e5 2. Nf3 Nf6 3. Bc4 d5 4. Nxe5 dxc4 5. Nxc4 Bc5 6. O-O Nxe4 7. d3 Nxf2
8. Qe2+ Qe7 9. Ne5 Nh3+ 10. Kh1 Nc6 11. Qh5 Nxe5 12. Qxh3 Bxh3 13. gxh3 g5 14.
b4 Bd4 15. c3 Bb6 16. Nd2 Rg8 17. Nf3 g4 18. Nxe5 gxh3 19. Rf3 Qg5 20. Bb2 Qg2#
0-1

[Event "Tournoi Skype 019B"]
[Site "Skype"]
[Date "????.??.??"]
[Round "6.28"]
[White "Mimouni, Driss"]
[Black "Schnell, Nicolas"]
[Result "0-1"]
[WhiteElo "1000"]
[BlackElo "1000"]
[PlyCount "76"]

1. c4 b5 2. Nc3 Ba6 3. e4 bxc4 4. d3 d5 5. exd5 Nf6 6. dxc4 Bb7 7. c5 g5 8.
Bb5+ c6 9. dxc6 Nxc6 10. Bxg5 a6 11. Bc4 h5 12. Qe2 e5 13. Qf3 Bg7 14. Bxf6 Qd4
15. Rd1 Qxc4 16. Bxg7 Rh7 17. Bf6 Rh6 18. Qg3 Rxf6 19. Nf3 e4 20. Ne5 Nxe5 21.
Qxe5+ Re6 22. Qxh5 e3 23. fxe3 Rxe3+ 24. Kf2 Qf4+ 25. Kg1 Bf3 26. gxf3 Ra7 27.
Nd5 Qe5 28. Qxe5+ Rxe5 29. f4 Rf5 30. Re1+ Kf8 31. h4 Rxd5 32. Rh3 Rc7 33. Rhe3
Rcxc5 34. Re8+ Kg7 35. R8e7 Rc2 36. Rb7 Rdd2 37. f5 Rg2+ 38. Kf1 Rcf2# 0-1

[Event "Tournoi Skype 019B"]
[Site "Skype"]
[Date "????.??.??"]
[Round "7.2"]
[White "Malbec, Robert"]
[Black "Perrone, Gabriel Lorenzo"]
[Result "0-1"]
[WhiteElo "1504"]
[BlackElo "1421"]
[PlyCount "64"]

1. e4 e5 2. Nf3 Nc6 3. Bb5 d6 4. d3 Nf6 5. Bg5 Be7 6. h3 h6 7. Bxf6 Bxf6 8. O-O
O-O 9. Nc3 Be6 10. a3 Nd4 11. Ba4 a6 12. Nxd4 exd4 13. Ne2 b5 14. Bb3 Bxb3 15.
cxb3 Re8 16. Qd2 d5 17. exd5 Qxd5 18. Qc2 Re7 19. Rfe1 Rae8 20. Kf1 Qd6 21. b4
Qh2 22. Ng3 Rxe1+ 23. Rxe1 Rxe1+ 24. Kxe1 Be5 25. Kf1 Bxg3 26. fxg3 Qxg3 27.
Qe2 Qf4+ 28. Kg1 Qc1+ 29. Kh2 Qf4+ 30. g3 Qd6 31. Qe8+ Qf8 32. Qxb5 axb5 0-1

[Event "Tournoi Skype 019B"]
[Site "Skype"]
[Date "????.??.??"]
[Round "7.3"]
[White "Munoz Gonzalez, Martin"]
[Black "Khatanhar, Mohit"]
[Result "1-0"]
[WhiteElo "1420"]
[BlackElo "1398"]
[PlyCount "127"]

1. e4 e5 2. Nf3 d6 3. d4 exd4 4. Qxd4 Bd7 5. Bf4 Nf6 6. Nc3 Nc6 7. Qd2 h6 8.
Bd3 Be7 9. O-O Nh5 10. Bc4 Nxf4 11. Qxf4 O-O 12. Nd5 Be6 13. Nxe7+ Nxe7 14. e5
Ng6 15. Qe4 d5 16. Bxd5 Bxd5 17. Qe3 Bxf3 18. gxf3 Re8 19. f4 Kh8 20. Kh1 Qh4
21. Rg1 Qxf4 22. Qxf4 Nxf4 23. Rg4 Ng6 24. f4 Rad8 25. e6 fxe6 26. Rxg6 Kh7 27.
Rag1 Rd7 28. c3 Ree7 29. R6g2 c5 30. Re2 Rf7 31. Rxe6 Rxf4 32. Re2 b6 33. b3
Rf3 34. c4 Rfd3 35. Rgg2 Rd1+ 36. Rg1 R1d2 37. Rgg2 Rd1+ 38. Rg1 Rxg1+ 39. Kxg1
Rd1+ 40. Kg2 Rd6 41. Kg3 Rd3+ 42. Kf4 Rd4+ 43. Ke5 Rd7 44. Ke6 Rb7 45. Kd6 Kg8
46. Kc6 Rf7 47. h3 Kf8 48. Kd6 Rb7 49. Re3 Kf7 50. a3 Kf6 51. b4 cxb4 52. axb4
Rf7 53. c5 bxc5 54. bxc5 a5 55. Rf3+ Kg6 56. Rxf7 Kxf7 57. c6 a4 58. c7 a3 59.
c8=Q a2 60. Qa8 a1=Q 61. Qxa1 Kg6 62. Ke6 Kh7 63. Kf7 g6 64. Qg7# 1-0

[Event "Tournoi Skype 019B"]
[Site "Skype"]
[Date "????.??.??"]
[Round "7.4"]
[White "Martin, Jean-Claude"]
[Black "Hernandez, George"]
[Result "1/2-1/2"]
[WhiteElo "1464"]
[BlackElo "1397"]
[PlyCount "37"]

1. d4 e5 2. dxe5 Nc6 3. Nf3 Qe7 4. Nc3 Nxe5 5. Nxe5 Qxe5 6. a3 Nf6 7. e3 Bc5 8.
Bd3 O-O 9. O-O d5 10. Re1 Bd6 11. f4 Qe6 12. Nb5 a6 13. Nxd6 Qxd6 14. g3 Bh3
15. Bf1 Qe6 16. Bxh3 Qxh3 17. Re2 Rad8 18. Qf1 Qg4 19. b4 1/2-1/2

[Event "Tournoi Skype 019B"]
[Site "Skype"]
[Date "????.??.??"]
[Round "7.5"]
[White "Coruble, Didier"]
[Black "Marino, Giuseppe"]
[Result "0-1"]
[WhiteElo "1479"]
[BlackElo "1349"]
[PlyCount "64"]

1. Nf3 d5 2. e3 e6 3. d4 Bd6 4. c3 Nf6 5. h3 O-O 6. Nbd2 Re8 7. Bd3 e5 8. dxe5
Bxe5 9. Nxe5 Rxe5 10. Nf3 Re7 11. Nd4 c6 12. g4 Ne4 13. O-O a6 14. Nf5 Bxf5 15.
gxf5 Re8 16. Qg4 Nd7 17. f3 Ne5 18. Qg2 Nxd3 19. fxe4 Rxe4 20. Bd2 Qf6 21. c4
Rxc4 22. Bc3 Ne5 23. Rac1 Re4 24. Bd4 Re8 25. Rc3 Qh6 26. Rf4 Rxf4 27. exf4
Qxf4 28. Rd3 Qxf5 29. Re3 Re6 30. Rg3 g6 31. Rg5 Nf3+ 32. Kh1 Re1+ 0-1

[Event "Tournoi Skype 019B"]
[Site "Skype"]
[Date "????.??.??"]
[Round "7.6"]
[White "De Coninck, Philippe"]
[Black "Vincent, Andre"]
[Result "1/2-1/2"]
[WhiteElo "1426"]
[BlackElo "1362"]
[PlyCount "82"]

1. e4 c5 2. Nf3 d6 3. Bb5+ Bd7 4. Bxd7+ Nxd7 5. c4 Ngf6 6. Nc3 g6 7. O-O Bg7 8.
d4 cxd4 9. Nxd4 a6 10. Be3 Nc5 11. f3 O-O 12. Qd2 Rc8 13. Bh6 Ne6 14. Nxe6 fxe6
15. b3 Qb6+ 16. Kh1 Qc6 17. Bxg7 Kxg7 18. Rae1 Rfe8 19. Ne2 e5 20. Ng1 e6 21.
Nh3 h6 22. Nf2 Red8 23. f4 exf4 24. Qxf4 e5 25. Qf3 Qd7 26. h3 Rf8 27. Ng4 Nxg4
28. Qxg4 Qxg4 29. hxg4 Rxf1+ 30. Rxf1 Rf8 31. Kg1 Rxf1+ 32. Kxf1 Kf6 33. Kf2
Kg5 34. Kg3 a5 35. a3 h5 36. gxh5 Kxh5 37. b4 axb4 38. axb4 g5 39. c5 dxc5 40.
bxc5 g4 41. Kf2 Kh4 1/2-1/2

[Event "Tournoi Skype 019B"]
[Site "Skype"]
[Date "????.??.??"]
[Round "7.8"]
[White "Milanese, Serge"]
[Black "Chavero, Victor"]
[Result "1-0"]
[WhiteElo "1314"]
[BlackElo "1394"]
[PlyCount "71"]

1. e4 e5 2. Nf3 Nf6 3. Nxe5 d6 4. Nf3 Nxe4 5. d3 Nf6 6. Be2 Bf5 7. Nd4 Qd7 8.
Bf3 Nc6 9. Nxc6 bxc6 10. Nc3 Be7 11. Qe2 O-O 12. h3 Rfe8 13. O-O Rab8 14. b3
Bd8 15. Qd1 d5 16. Bb2 Qd6 17. Re1 Rxe1+ 18. Qxe1 d4 19. Ne2 c5 20. Ng3 Be6 21.
Ne4 Nxe4 22. Qxe4 Bf6 23. Re1 c6 24. Bc1 Rc8 25. Bg4 Re8 26. Bf4 Qd7 27. Bd2
Kf8 28. Qxh7 g6 29. Bh6+ Ke7 30. Bxe6 Qd8 31. Bxf7+ Kd7 32. Be6+ Kd6 33. Bf4+
Be5 34. Bxe5+ Kxe6 35. Bc7+ Kd5 36. Qf7+ 1-0

[Event "Tournoi Skype 019B"]
[Site "Skype"]
[Date "????.??.??"]
[Round "7.9"]
[White "Diaz, Jose Garcia"]
[Black "Bustos, Ricardo"]
[Result "1-0"]
[WhiteElo "1000"]
[BlackElo "1379"]
[PlyCount "39"]

1. e4 c5 2. Nf3 d6 3. c3 e6 4. Be2 Nf6 5. O-O Be7 6. d3 O-O 7. Bg5 Qb6 8. Qc2
Nc6 9. Nbd2 Qc7 10. d4 d5 11. e5 Nd7 12. Bd3 Bxg5 13. Nxg5 g6 14. Bb5 a6 15.
Bxc6 Qxc6 16. Qd3 b5 17. Qh3 h5 18. g4 c4 19. gxh5 f6 20. hxg6 1-0

[Event "Tournoi Skype 019B"]
[Site "Skype"]
[Date "????.??.??"]
[Round "7.10"]
[White "Mordaa, Ahmad"]
[Black "Bhandari, Dattatrey"]
[Result "0-1"]
[WhiteElo "1471"]
[BlackElo "1232"]
[PlyCount "126"]

1. e4 c5 2. Nf3 d6 3. d4 b6 4. dxc5 bxc5 5. Bc4 e6 6. O-O Bb7 7. Re1 Nd7 8. c3
a6 9. Bf4 Nb6 10. Bb3 Bc6 11. Nbd2 a5 12. Nc4 Nxc4 13. Bxc4 Qd7 14. Qe2 Ne7 15.
Rad1 Ng6 16. Be3 Be7 17. Bxc5 Nf4 18. Qe3 Ng6 19. Bxd6 O-O 20. Bg3 Qb7 21. b3
Rac8 22. Ne5 Nxe5 23. Bxe5 Bb5 24. Bxb5 Qxb5 25. Qg3 f6 26. c4 Qxe5 27. Qxe5
fxe5 28. Rd7 Bc5 29. Re2 Rcd8 30. Rdd2 Rd4 31. Kf1 Rfd8 32. Rxd4 exd4 33. f4 e5
34. f5 d3 35. Rd2 Bb4 36. Rd1 Kf7 37. Kf2 d2 38. Kf3 g6 39. g4 gxf5 40. gxf5
Rd3+ 41. Ke2 Rh3 42. Rh1 Kf6 43. c5 Bxc5 44. Kxd2 Re3 45. Re1 Rh3 46. Re2 Bg1
47. Kc2 Bxh2 48. Rd2 Kg5 49. Rd3 Rh6 50. Rd5 Ra6 51. a3 Kf4 52. Kd3 Bg3 53. f6
Rxf6 54. Rxa5 Bf2 55. Rd5 h5 56. Ke2 Bg3 57. Rd1 Kxe4 58. a4 Rf2+ 59. Ke1 Rb2+
60. Kf1 Rxb3 61. Ra1 Rf3+ 62. Kg1 Bf2+ 63. Kg2 Ba7 0-1

[Event "Tournoi Skype 019B"]
[Site "Skype"]
[Date "????.??.??"]
[Round "7.11"]
[White "Hernandez Lopez, Joaquin"]
[Black "Gerbaux, Regis"]
[Result "0-1"]
[WhiteElo "1327"]
[BlackElo "1435"]
[PlyCount "98"]

1. e4 e5 2. Nf3 Nf6 3. d4 exd4 4. Qxd4 Nc6 5. Qa4 Qe7 6. Nc3 d6 7. h3 Bd7 8.
Bb5 d5 9. O-O dxe4 10. Nd4 Nxd4 11. Qxd4 Rd8 12. Nd5 Nxd5 13. Qxd5 c6 14. Qd2
cxb5 15. Re1 Bc6 16. Qf4 Qe6 17. Be3 Bd6 18. Qg5 O-O 19. Rad1 Qe5 20. g3 Qxg5
21. Bxg5 Rd7 22. Rd4 f5 23. Be3 Rf6 24. Red1 Rg6 25. Kh2 Rf7 26. Rg1 f4 27.
Bxf4 Bxf4 28. gxf4 Rxf4 29. Rd8+ Rf8 30. Rxf8+ Kxf8 31. Rxg6 hxg6 32. Kg3 Kf7
33. h4 Kf6 34. Kf4 b4 35. a3 bxa3 36. bxa3 a5 37. c4 b6 38. Ke3 Ke5 39. Ke2 Kd4
40. a4 Bxa4 41. f3 Bc6 42. f4 Kxc4 43. Kf2 a4 44. Kg3 Kd5 45. Kg4 Ke6 46. Kg5
Kf7 47. f5 gxf5 48. Kxf5 e3 49. h5 e2 0-1

[Event "Tournoi Skype 019B"]
[Site "Skype"]
[Date "????.??.??"]
[Round "7.12"]
[White "Ramirez Reina, Orlando"]
[Black "Guillaume, Mickael"]
[Result "0-1"]
[WhiteElo "1417"]
[BlackElo "1180"]
[PlyCount "46"]

1. e4 e5 2. Nf3 Nc6 3. Bc4 Nh6 4. d3 Qf6 5. Bg5 Qg6 6. Qd2 Bc5 7. Bxh6 gxh6 8.
Nh4 Qf6 9. Nf5 Nd4 10. Nxd4 Bxd4 11. c3 Bc5 12. b4 Bb6 13. a4 a5 14. b5 d6 15.
Na3 Be6 16. Ba2 O-O-O 17. Bxe6+ Qxe6 18. Nc4 Rhg8 19. Nxb6+ cxb6 20. f3 h5 21.
Rd1 Rg7 22. O-O Rdg8 23. Qe3 Rxg2+ 0-1

[Event "Tournoi Skype 019B"]
[Site "Skype"]
[Date "????.??.??"]
[Round "7.13"]
[White "Douichi, Mohammed"]
[Black "De Nobrega, George"]
[Result "0-1"]
[WhiteElo "1209"]
[BlackElo "1494"]
[PlyCount "130"]

1. e4 e5 2. Nf3 d6 3. Bc4 h6 4. d4 exd4 5. Nxd4 Nf6 6. Nc3 Bd7 7. O-O Nc6 8.
Be3 Ng4 9. Bf4 Qf6 10. Nd5 Qd8 11. f3 Nf6 12. Ne3 Be7 13. e5 dxe5 14. Nxc6 Bxc6
15. Qxd8+ Rxd8 16. Bxe5 Rd7 17. Bd3 O-O 18. Bf5 Rd2 19. Bxc7 Bc5 20. Bf4 Re2
21. Bd3 Bxe3+ 22. Kh1 Rf2 23. Bxe3 Rxf1+ 24. Rxf1 Re8 25. Bxa7 Ra8 26. Bd4 Rxa2
27. Bxf6 gxf6 28. b4 Rb2 29. c3 Rd2 30. Be4 Bxe4 31. fxe4 Rc2 32. g4 Rxc3 33.
Rxf6 Rc4 34. Rb6 Rxe4 35. h3 Re7 36. Kg2 Kg7 37. Kf3 f6 38. Kf4 Kg6 39. h4 Kg7
40. h5 Kf7 41. b5 Kg7 42. Kf5 Re5+ 43. Kf4 Re7 44. Kg3 Rf7 45. Kf4 Re7 46. Kf5
Re5+ 47. Kf4 Re7 48. Kg3 Kf7 49. Kh4 Kg7 50. Kh3 Rf7 51. Kg3 Kf8 52. Kf4 Kg7
53. Kf5 Rc7 54. Rxf6 Rc5+ 55. Ke6 Rxb5 56. Rf7+ Kg8 57. Ke7 Rb4 58. Rf8+ Kg7
59. Rf7+ Kg8 60. g5 hxg5 61. Kf6 Rf4+ 62. Kg6 Rxf7 63. h6 g4 64. Kg5 g3 65. Kh4
g2 0-1

[Event "Tournoi Skype 019B"]
[Site "Skype"]
[Date "????.??.??"]
[Round "7.14"]
[White "Moumtaz, Abderrahim"]
[Black "Kruk, Clementine"]
[Result "0-1"]
[WhiteElo "1221"]
[BlackElo "1419"]
[PlyCount "60"]

1. d4 d5 2. c4 e6 3. Nf3 c6 4. Nc3 Nf6 5. Bg5 Nbd7 6. e3 Qa5 7. Bd3 Bb4 8. Rc1
Ne4 9. Qc2 Nxg5 10. Nxg5 dxc4 11. Nge4 cxd3 12. Qxd3 e5 13. a3 Bxc3+ 14. Qxc3
Qd5 15. Ng3 exd4 16. Qxd4 Ne5 17. Qxd5 cxd5 18. O-O Nd3 19. Rc2 Be6 20. Rd2 Nc5
21. Rc1 Nb3 22. Rdd1 Nxc1 23. Rxc1 Rc8 24. Re1 Rc2 25. Rb1 Kd7 26. b4 Rhc8 27.
Ne2 Rxe2 28. Kf1 Rcc2 29. Kg1 Rxf2 30. Rf1 Rxg2+ 0-1

[Event "Tournoi Skype 019B"]
[Site "Skype"]
[Date "????.??.??"]
[Round "7.15"]
[White "Vello, Pablo"]
[Black "Bouffard, Georges"]
[Result "0-1"]
[WhiteElo "1365"]
[BlackElo "1234"]
[PlyCount "96"]

1. d4 f5 2. Nc3 Nf6 3. Bg5 g6 4. Bxf6 exf6 5. e4 d6 6. Bd3 c6 7. exf5 Bxf5 8.
Bxf5 Qe7+ 9. Qe2 gxf5 10. Nf3 Qxe2+ 11. Nxe2 Nd7 12. Nh4 d5 13. Nxf5 Rg8 14.
O-O O-O-O 15. Nf4 Re8 16. Rae1 Bb4 17. c3 Ba5 18. Ne7+ Rxe7 19. Rxe7 Bd8 20.
Rxh7 Nf8 21. Rf7 Nd7 22. Re1 Bc7 23. Ree7 Rd8 24. Ne6 Bd6 25. Rxd7 Rxd7 26.
Rxf6 Re7 27. Rf8+ Kd7 28. f4 Kxe6 29. f5+ Kd7 30. g4 Re1+ 31. Kg2 Re2+ 32. Kh3
Bxf8 33. Kh4 Rxh2+ 34. Kg5 Bh6+ 35. Kg6 Ke8 36. f6 Bf8 37. g5 Rh8 38. Kf5 Rg8
39. g6 Rh8 40. Ke6 Bh6 41. f7+ Kf8 42. Kf6 Bg7+ 43. Ke6 Rh2 44. Kd7 Rxb2 45.
Kc7 b5 46. Kxc6 b4 47. Kxd5 bxc3 48. Ke6 c2 0-1

[Event "Tournoi Skype 019B"]
[Site "Skype"]
[Date "????.??.??"]
[Round "7.16"]
[White "Homme, Jim"]
[Black "Riviere, Perrine"]
[Result "0-1"]
[WhiteElo "1193"]
[BlackElo "1323"]
[PlyCount "80"]

1. d4 d5 2. Nf3 Nf6 3. Bf4 Bf5 4. Nbd2 Nc6 5. c3 e6 6. e3 Bd6 7. Bxd6 Qxd6 8.
Qe2 Ne4 9. O-O-O Nxd2 10. Rxd2 O-O 11. h3 e5 12. dxe5 Nxe5 13. g4 Be4 14. Bg2
Rfe8 15. Rg1 c6 16. Nxe5 Rxe5 17. f4 Ree8 18. Bxe4 Rxe4 19. g5 Rae8 20. Rg3 a5
21. f5 Qxg3 22. Qh2 Rxe3 23. Qxg3 Rxg3 24. h4 f6 25. gxf6 gxf6 26. Rd4 Re2 27.
Rd2 Rgg2 28. Rxe2 Rxe2 29. Kd1 Rxb2 30. a3 Kg7 31. h5 Kh6 32. Kc1 Rf2 33. Kd1
Kxh5 34. Ke1 Ra2 35. Kd1 Kg4 36. Kc1 h5 37. Kb1 Rf2 38. Kc1 Kg3 39. Kb1 h4 40.
Kc1 h3 0-1

[Event "Tournoi Skype 019B"]
[Site "Skype"]
[Date "????.??.??"]
[Round "7.17"]
[White "Lequeux, Pierre"]
[Black "Battaglia, Gabriele"]
[Result "0-1"]
[WhiteElo "1181"]
[BlackElo "1288"]
[PlyCount "192"]

1. e4 e5 2. Nf3 Nc6 3. Be2 Nf6 4. Nc3 Bc5 5. h3 d6 6. a3 O-O 7. b4 Bb6 8. Nd5
Nxd5 9. exd5 Nd4 10. Nxd4 exd4 11. Bb2 Bd7 12. a4 a6 13. a5 Ba7 14. O-O Qg5 15.
Bf3 Bxh3 16. Kh2 Bd7 17. d3 Qh6+ 18. Kg1 Rfe8 19. Bc1 Qg6 20. Re1 Rxe1+ 21.
Qxe1 Re8 22. Qd1 Re5 23. Bf4 Re8 24. Bh5 Qf6 25. Bg3 c6 26. Bf3 Bb8 27. dxc6
bxc6 28. b5 cxb5 29. Bb7 Bc8 30. Bc6 Rf8 31. Qh5 Bf5 32. Qf3 Qg5 33. Bb7 Qd2
34. Qd1 Qxd1+ 35. Rxd1 Bc8 36. Be4 f5 37. Bd5+ Kh8 38. f4 h6 39. Rc1 Re8 40.
Bf2 Ba7 41. Be1 Re7 42. Kf1 Bb7 43. Bxb7 Rxb7 44. Bb4 d5 45. Re1 Rc7 46. Re6
Rxc2 47. Rxa6 Bc5 48. Ra8+ Kh7 49. Bxc5 Rxc5 50. a6 b4 51. a7 Ra5 52. Rb8 Rxa7
53. Rxb4 Ra5 54. Rxd4 Rc5 55. Kf2 g5 56. fxg5 hxg5 57. Kf3 Kh6 58. g3 Kg6 59.
Ke3 Kf6 60. Kf3 Ke5 61. Rb4 d4 62. Rb1 Rc3 63. Re1+ Kf6 64. Rd1 Ke5 65. Re1+
Kf6 66. Rd1 Rc5 67. Re1 Re5 68. Rd1 Re3+ 69. Kf2 Ke5 70. Re1 Rxe1 71. Kxe1 f4
72. Kf2 fxg3+ 73. Kxg3 Kf5 74. Kf3 g4+ 75. Kg3 Kg5 76. Kg2 Kf4 77. Kf2 g3+ 78.
Kg2 Kg4 79. Kg1 Kf3 80. Kf1 Ke3 81. Kg2 Kxd3 82. Kxg3 Ke3 83. Kg2 Ke2 84. Kg3
d3 85. Kf4 d2 86. Ke5 d1=Q 87. Ke6 Qa4 88. Ke7 Qa6 89. Kd7 Kf3 90. Kc7 Kf4 91.
Kd7 Ke5 92. Kc7 Kd5 93. Kb8 Kc5 94. Kc7 Qa7+ 95. Kd8 Kd6 96. Kc8 Qc7# 0-1

[Event "Tournoi Skype 019B"]
[Site "Skype"]
[Date "????.??.??"]
[Round "7.18"]
[White "Maccaferri, Massimo"]
[Black "Delmonte, Davide"]
[Result "0-1"]
[WhiteElo "1252"]
[BlackElo "1159"]
[PlyCount "68"]

1. e4 e5 2. Nc3 Bc5 3. Bc4 Nf6 4. Nd5 Nxd5 5. Bxd5 c6 6. Bc4 d5 7. exd5 cxd5 8.
Bb3 Nd7 9. Qf3 Nf6 10. Qg3 Ng4 11. Nh3 O-O 12. f3 Qf6 13. fxg4 Rd8 14. d3 b5
15. Bg5 Qb6 16. Bxd8 Qxd8 17. Qxe5 Qh4+ 18. g3 Bb4+ 19. c3 Qxh3 20. Qe8+ Bf8
21. Bxd5 Be6 22. Bxa8 Bxg4 23. Bd5 Qh5 24. Rf1 Qxd5 25. Kd2 Qg2+ 26. Ke1 f6 27.
Qe4 Qxb2 28. Rd1 Qxc3+ 29. Rd2 Qc1+ 30. Rd1 Qxd1+ 31. Kf2 Qd2+ 32. Kg1 Bc5+ 33.
Rf2 Qxf2+ 34. Kh1 Qf1# 0-1

[Event "Tournoi Skype 019B"]
[Site "Skype"]
[Date "????.??.??"]
[Round "7.19"]
[White "Codina, Teresa"]
[Black "Briere, Jean"]
[Result "0-1"]
[WhiteElo "1321"]
[BlackElo "1529"]
[PlyCount "64"]

1. e4 e5 2. Nf3 Nc6 3. Bb5 d6 4. c3 Bd7 5. Ba4 Nf6 6. d3 Be7 7. O-O O-O 8. Re1
h6 9. Nbd2 a6 10. Nf1 Qc8 11. Ng3 Bg4 12. Bxc6 bxc6 13. Be3 c5 14. a3 Nh5 15.
Nxh5 Bxh5 16. b4 cxb4 17. axb4 Bf6 18. d4 Re8 19. d5 c6 20. c4 cxd5 21. Qxd5
Bxf3 22. gxf3 Rd8 23. Qd3 Qb7 24. Rab1 Be7 25. Qf1 Bg5 26. Bxg5 hxg5 27. Qg2 f6
28. h3 Kf7 29. Kh2 Rh8 30. Red1 Ke7 31. Qg1 Qd7 32. c5 Qxh3# 0-1

[Event "Tournoi Skype 019B"]
[Site "Skype"]
[Date "????.??.??"]
[Round "7.21"]
[White "Porcabeuf, Jean-Marc"]
[Black "Lecluyse, Koenraad"]
[Result "1-0"]
[WhiteElo "1359"]
[BlackElo "1300"]
[PlyCount "44"]

1. d4 d5 2. Nf3 Nc6 3. e3 Nf6 4. Bd3 Bg4 5. O-O Bxf3 6. Qxf3 e6 7. Nd2 Bd6 8.
Re1 O-O 9. c3 h6 10. e4 Nh7 11. Qg4 Nf6 12. Qf3 Nh7 13. e5 Be7 14. Bc2 Ng5 15.
Qd3 g6 16. Nf3 Nxf3+ 17. Qxf3 Bg5 18. Qh3 Na5 19. f4 Bh4 20. Qf3 Bxe1 21. Be3
Bh4 22. g3 Be7 1-0

 Kg7 24. Re1 Nc4 25. Bc1 f5 26. exf6+ Rxf6 27. f5 exf5
28. Bxh6+ Kf7 1-0